header

The blessing of waters and Epiphany (Record no. 190144)

MARC details
000 -LEADER
fixed length control field 01891nam a2200373 a 4500
082 04 - DEWEY DECIMAL CLASSIFICATION NUMBER
Classification number 264/.01909
100 1# - MAIN ENTRY--AUTHOR NAME
Personal name Denysenko, Nicholas E.
245 14 - TITLE STATEMENT
Title The blessing of waters and Epiphany
260 ## - PUBLICATION, DISTRIBUTION, ETC. (IMPRINT)
Place of publication Farnham, Surrey, England ;
-- Burlington, Vt. :
Name of publisher Ashgate,
Year of publication c2012.
300 ## - PHYSICAL DESCRIPTION
Number of Pages xviii, 237 p.
490 1# - SERIES STATEMENT
Series statement Liturgy, worship, and society series
505 0# - FORMATTED CONTENTS NOTE
Formatted contents note Introduction -- Early history of the blessing of waters -- History of the blessing of waters: stage 1 (8th-10th centuries) -- History of the blessing of waters: stage 2 (11th-13th centuries) -- History of the blessing of waters: stage 3 (14th-16th centuries) -- The origins of the "great are you" prayer -- Memory and praise of the Lord's theophany -- Epiclesis and the gift of the Holy Spirit -- Pastoral considerations -- Conclusion.
650 #0 - SUBJECT ADDED ENTRY--TOPICAL TERM
Topical Term Epiphany.
Topical Term Holy water.
Topical Term Benediction.
Topical Term Water
856 40 - ELECTRONIC LOCATION AND ACCESS
Uniform Resource Identifier http://site.ebrary.com/lib/rucke/Doc?id=10576221

No items available.

© 2026 Rongo University
Contact us: librarian | system librarian | Rongo university